UBT Library

International encyclopedia of psychiatry, psychology, psychoanalysis & neurology / (Record no. 41315)

000 -LEADER
fixed length control field 00612cam a2200217 i 4500
001 - CONTROL NUMBER
control field 2708700
005 - DATE AND TIME OF LATEST TRANSACTION
control field 20180131033320.0
008 - FIXED-LENGTH DATA ELEMENTS--GENERAL INFORMATION
fixed length control field 761104m19779999nyua be 001 0 eng
010 ## - LIBRARY OF CONGRESS CONTROL NUMBER
LC control number 76054527
020 ## - INTERNATIONAL STANDARD BOOK NUMBER
International Standard Book Number 0918228018
040 ## - CATALOGING SOURCE
Original cataloging agency DLC
Transcribing agency DLC
Modifying agency DLC
041 ## - LANGUAGE CODE
Language code of text/sound track or separate title eng
080 ## - UNIVERSAL DECIMAL CLASSIFICATION NUMBER
Universal Decimal Classification number 616.8
082 00 - DEWEY DECIMAL CLASSIFICATION NUMBER
Classification number 616.8 WOL
100 ## - Rafti
Rafti 7
101 ## - Shkurtesa
Shkurtesa NEU
245 00 - TITLE STATEMENT
Title International encyclopedia of psychiatry, psychology, psychoanalysis & neurology /
Statement of responsibility, etc Benjamin B. Wolman, editor.
504 ## - BIBLIOGRAPHY, ETC. NOTE
Bibliography, etc Includes bibliographies and indexes.
906 ## - LOCAL DATA ELEMENT F, LDF (RLIN)
a 7
b cbc
c orignew
d 1
e ocip
f 19
g y-gencatlg
942 ## - ADDED ENTRY ELEMENTS (KOHA)
Source of classification or shelving scheme
Item type Books
Holdings
Withdrawn status Lost status Source of classification or shelving scheme Damaged status Not for loan Collection code Permanent location Current location Shelving location Date acquired Total Checkouts Full call number Barcode Date last seen Price effective from Koha item type
          Koleksioni i përgjithshem UBT - Lipjan UBT - Lipjan Koleksioni i përgjithshem 01/31/2018   616.8 WOL 002-2996755 01/31/2018 01/31/2018 Books
UBT Library © 2015-2024. All rights reserved University Education for Business and Technology